|
|
|
|
| LEADER |
00000nab a2200000 a 4500 |
| 001 |
vtls000648529 |
| 003 |
SK-MaSNL |
| 005 |
20260304094924.0 |
| 008 |
250425c1997 xo 0 slo |
| 015 |
|
|
|a SNBRA1998/01-01036
|
| 035 |
|
|
|a CLN000000724
|
| 035 |
|
|
|a urn:nbn:sk:snk-abbrel
|
| 035 |
|
|
|a (urnnbn)urn:nbn:sk:snk:ar-0000wh
|
| 035 |
|
|
|a (uuid)abfe7f8f-6edf-48f1-b842-abaaff19ae8d
|
| 040 |
|
|
|a SNKBUCL
|b slo
|c SNKBUCL
|e AACR2
|
| 041 |
0 |
|
|a slo
|
| 044 |
|
|
|a xo
|c SK
|
| 080 |
|
|
|a 791.44.071.1
|2 1997
|
| 100 |
1 |
|
|a Matiaška, Milan
|4 aut
|9 442146
|
| 245 |
1 |
0 |
|a Čo ostáva
|b (nad filmami Krzysztofa Kiesłowského [t.j. Kieślowského])
|c Milan Matiaška
|
| 600 |
1 |
7 |
|a Kieślowski, Krzysztof,
|d 1941-1996
|2 snkbucl
|9 157005
|
| 655 |
|
7 |
|a články z novín a časopisov
|2 snkbucl
|9 267496
|
| 773 |
0 |
|
|t Romboid
|g Roč. 32, č. 8 (1997), s. 46-50
|x 0231-6714
|
| 850 |
|
|
|a Slovenská národná knižnica
|
| 852 |
|
|
|a Slovenská národná knižnica
|
| 958 |
|
|
|a article15
|
| 958 |
|
|
|a OND
|
| 958 |
|
|
|a PL
|
| 958 |
|
|
|a EUIPO
|
| 992 |
|
|
|a RBX
|
| 999 |
|
|
|c 2829695
|d 2831625
|